000
00261nam a2200109Ia 4500
008
190919s9999||||xx |||||||||||||| ||und||
100
_a
Hawkin,Terry
245
0
_a
French Key Stage 3
260
_a
Karachi
_b
Tata McGraw Hill
_c
2006
300
_a
326
942
_c
BK
999
_c
11460
_d
11460